प्राकृतिक चिकित्सा एवं योग / (Record no. 11659)

MARC details
000 -LEADER
fixed length control field 01447 a2200241 4500
005 - DATE AND TIME OF LATEST TRANSACTION
control field 20080826111019.0
008 - FIXED-LENGTH DATA ELEMENTS--GENERAL INFORMATION
fixed length control field 080826t xxu||||| |||| 00| 0 hin d
010 ## - LIBRARY OF CONGRESS CONTROL NUMBER
LC control number HIN-83092
020 ## - INTERNATIONAL STANDARD BOOK NUMBER
Terms of availability 480.00
035 ## - SYSTEM CONTROL NUMBER
System control number HN-55438
037 ## - SOURCE OF ACQUISITION
Source of stock number/acquisition पु.प्र.अ.प्र/वितरक
082 ## - DEWEY DECIMAL CLASSIFICATION NUMBER
Classification number 615.535
100 ## - MAIN ENTRY--PERSONAL NAME
Personal name नागेन्द्र कुमार नीरज
245 ## - TITLE STATEMENT
Title प्राकृतिक चिकित्सा एवं योग /
Statement of responsibility, etc नागेन्द्र कुमार नीरज
246 ## - VARYING FORM OF TITLE
Remainder of title Prakritik chikitsa evam yog
Title proper/short title by Nagendra Kumar Neeraj
260 ## - PUBLICATION, DISTRIBUTION, ETC. (IMPRINT)
Place of publication, distribution, etc पुणे
Name of publisher, distributor, etc राष्ट्रीय प्राकृतिक चिकित्सा संस्थान
Date of publication, distribution, etc 2007 (नवी.एवं परि)
260 ## - PUBLICATION, DISTRIBUTION, ETC. (IMPRINT)
Place of publication, distribution, etc जयपुर
Name of publisher, distributor, etc पापुलर बुक डिपो (वितरक)
270 ## - ADDRESS
Address 6, रमाबाई अम्बेडकर
City पुणे
Postal code 411001
Telephone number 0212 629230, 632789
270 ## - ADDRESS
Address चौड़ा रास्ता
City जयपुर
300 ## - PHYSICAL DESCRIPTION
Extent 359पृ
Dimensions 22 सेमी (सजिल्द)
Other physical details सचित्र
942 ## - ADDED ENTRY ELEMENTS (KOHA)
Institution code [OBSOLETE] dpl
Koha item type Hindi Books
Call number prefix 615.535 / नागेन्द्र
Source of classification or shelving scheme Dewey Decimal Classification
Classification part 615.535
Call number suffix नागेन्द्र
Holdings
Withdrawn status Lost status Damaged status Not for loan Home library Current library Date acquired Cost, normal purchase price Total Checkouts Full call number Barcode Date last seen Copy number Uniform Resource Identifier Cost, replacement price Price effective from Koha item type
        D.B.Act.Division D.B.Act.Division   480.00   615.535 नागेन्द्र HN-55438 15/09/2008 1 12773 480.00 15/09/2008 Hindi Books

© Delhi Public Library
Hit Counter
free hit counter